| Tag |
First Indicator |
Second Indicator |
Subfields |
| LEADER |
00000cam a22000001a 4500 |
| 001 |
in00003783021 |
| 005 |
20190408183748.0 |
| 006 |
m o d f |
| 007 |
cr bn mmmapmmp |
| 008 |
040322s1915 dcu o f000 0 eng d |
| 035 |
|
|
|a ebd1910407688
|
| 040 |
|
|
|a UMI
|c UMI
|d UtOrBLW
|
| 086 |
0 |
|
|a IC 1loc.5:915/3
|
| 099 |
|
|
|a IC1.66-5.4
|
| 245 |
0 |
0 |
|a Rules and instructions for inspection and testing of steam locomotives and tenders to be submitted to Interstate Commerce Commission for approval in accordance with Act of Feb. 17, 1911, amended Mar. 4, 1915.
|
| 264 |
|
1 |
|a Washington :
|b U.S. GPO,
|c 1915.
|
| 300 |
|
|
|a 1 online resource (26 pages)
|
| 336 |
|
|
|a text
|b txt
|2 rdacontent
|
| 337 |
|
|
|a computer
|b c
|2 rdamedia
|
| 338 |
|
|
|a online resource
|b cr
|2 rdacarrier
|
| 500 |
|
|
|a [text; with data on safety standards, and sample forms].
|
| 500 |
|
|
|a Record is based on bibliographic data in ProQuest U.S. Executive Branch Documents, 1910-1932. Reuse except for individual research requires license from ProQuest, LLC.
|
| 533 |
|
|
|a Electronic reproduction.
|b [Bethesda, Md.] :
|c ProQuest,
|d 2012.
|e digital, PDF file.
|n ProQuest U.S. Executive Branch Documents, 1910-1932.
|n Mode of access: World Wide Web via ProQuest website.
|
| 538 |
|
|
|a System requirements: PDF reader software.
|
| 500 |
|
|
|a Electronic resource.
|
| 610 |
1 |
0 |
|a United States.
|b Interstate Commerce Commission.
|0 http://id.loc.gov/authorities/names/n80126245
|
| 650 |
|
0 |
|a Interstate commerce
|x Law and legislation.
|0 http://id.loc.gov/authorities/subjects/sh96011591
|
| 650 |
|
0 |
|a Railroad accidents.
|0 http://id.loc.gov/authorities/subjects/sh85110906
|
| 650 |
|
0 |
|a Railroad equipment industry.
|0 http://id.loc.gov/authorities/subjects/sh85110876
|
| 655 |
|
7 |
|a Electronic books.
|2 local
|
| 710 |
1 |
|
|a United States.
|b Interstate Commerce Commission.
|0 http://id.loc.gov/authorities/names/n80126245
|
| 776 |
1 |
8 |
|i Microfiche version:
|t Rules and instructions for inspection and testing of steam locomotives and tenders to be submitted to Interstate Commerce Commission for approval in accordance with Act of Feb. 17, 1911, amended Mar. 4, 1915
|o CIS US Exec MF IC1.66-5.4
|w (ProQuest)cis19144321
|
| 856 |
4 |
0 |
|u http://proxy.library.tamu.edu/login?url=http://congressional.proquest.com/congressional/docview/t66.d71.ic1.66-5.4
|z Connect to the full text of this electronic document
|t 0
|
| 999 |
f |
f |
|s 8378289b-31cf-3609-b981-521f5129eb09
|i 95e3427e-7864-35b7-b5f0-625f006119ad
|t 0
|
| 952 |
f |
f |
|a Texas A&M University
|b College Station
|c Electronic Resources
|d Available Online
|t 0
|h No information provided
|
| 998 |
f |
f |
|t 0
|l Available Online
|